000 00889nam a2200301Ia 4500
003 OSt
005 20220912151546.0
006 a|||||r|||| 00| 0
007 ta
008 220909b |||||||| |||| 00| 0 eng d
024 _a32780
037 _cTextual
040 _aCSL
_beng
_cCSL
041 _aeng
082 _aC9B2p1,N90, N1
100 _aSalzborn E Ed.
111 _aInternational conference on atomic physics of highly charged icons (1991 : Giessen)
245 0 _aProceeding on atomic physics of highly charged icons
260 _aBerlin
_bSpringer-Verlag
_c1991
300 _a365p.
_ccm.
650 _a Atomic physics
650 _a Structure
650 _aPhysics
700 _a Mokler P H Ed.
700 _a Muller A Ed.
942 _hC9B2p1,N90, N1
_cTEXL
_2CC
999 _c71355
_d71355